书目信息 |
| 题名: |
植物与希腊神话
|
|
| 作者: | 吴应祥 著 | |
| 分册: | ||
| 出版信息: | 北京 科学普及出版社 1984 |
|
| 页数: | 194页 | |
| 开本: | 19cm | |
| 丛书名: | ||
| 单 册: | ||
| 中图分类: | Q94-49 | |
| 科图分类: | ||
| 主题词: | 植物学--普及读物 , 神话--希腊--古代 | |
| 电子资源: | ||
| ISBN: | ||
| 000 | 00602nam0 2200229 45 | |
| 001 | 0184000544 | |
| 005 | 20060816111134.84 | |
| 010 | @dCNY0.60 | |
| 091 | @a10051.1041 | |
| 100 | @a19960410d1984 em y0chiy0121 ea | |
| 101 | 0 | @achi |
| 102 | @aCN@b110000 | |
| 105 | @ay z 000yy | |
| 200 | 10 | @a植物与希腊神话@Azhi wu yu xi la shen hua@f吴应祥著 |
| 210 | @a北京@c科学普及出版社@d1984 | |
| 215 | @a194页@d19cm | |
| 606 | @a植物学@x普及读物 | |
| 606 | @a神话@y希腊@z古代 | |
| 690 | @aQ94-49@v3 | |
| 701 | 0 | @a吴应祥@Awu ying xiang@4著 |
| 801 | 0 | @aCN@bTSSF@c20060816 |
| 905 | @a10447@dQ94-49@e133 | |
| 植物与希腊神话/吴应祥著.-北京:科学普及出版社,1984 |
| 194页;19cm |
| ISBN :CNY0.60 |
| ● |
| 相关链接 |
|
|
|
|
正题名:植物与希腊神话
索取号:Q94-49/133
 
预约/预借
| 序号 | 登录号 | 条形码 | 馆藏地/架位号 | 状态 | 备注 |
| 1 | 0458682 | 204586821 | 密集书库/ [索取号:Q94-49/133] | 在馆 |